| 000 | 00664nam a2200217 a 4500 | ||
|---|---|---|---|
| 001 | 000022820 | ||
| 005 | 20200930021821.0 | ||
| 008 | 101118s1995 sp r 000 0 spa d | ||
| 020 | _a8420646830 | ||
| 040 |
_aDO-SdBNP _bspa _cBNPHU |
||
| 082 |
_a927.814 _bM939p |
||
| 100 | 1 |
_aPérez Sierra, Rafael, _946893 |
|
| 245 | 1 | 0 |
_aMozart / _cRafael Pérez Sierra. |
| 260 |
_aMadrid, (España) : _bAlianza Editorial, _c1995. |
||
| 300 |
_a95, [1] p. ; _c15 cm. |
||
| 490 | 1 |
_aAlianza cien _v83 |
|
| 600 | 1 | 4 |
_aMOZART, WOLFGANG AMADEUS _d1756-1791 _xBIOGRAFÍA _946894 |
| 650 | 4 |
_aInstrumentalista(música) _946895 |
|
| 830 | 0 |
_aAlianza cien ; _v83 _912832 |
|
| 049 | _aBNGR | ||
| 999 |
_c22317 _d22317 |
||